00454 2200193 4500001002100000005001500021035002000036008004100056245003800097100001200135250000600147260003600153300001100189084001400200082000800214650001400222990001200236990001200248INLIS00000000000040920240430015432 a0010-0424000385240430 0 ind 1 aSelayang Pandang Jambi /cGiyarto aGiyarto a1 aKlaten :bIntan Pariwara,c2008 a60 hlm a900 GIY s a900 4aNon Fiksi a0728657 a0728658